| 000 | 00629nam a2200181Ia 4500 | ||
|---|---|---|---|
| 003 | GCL | ||
| 008 | 140319s9999 xx 000 0 ara d | ||
| 040 |
_aGCL / _cGCL |
||
| 082 | 0 | 4 |
_a371.89 _bي م |
| 100 | 1 | _aياسر سلامة | |
| 245 | 1 | 0 |
_aالاذاعة المدرسية : _bفقرات متنوعة - كافة المراحل / _cياسر سلامة |
| 260 |
_aالاردن : _bدار الاسراء للنشر والتوزيع ، _c2005 |
||
| 300 |
_a271 ص ؛ _c24 سم |
||
| 650 | 0 | 4 | _aالنشاط المدرسى |
| 650 | 0 | 4 | _aالاذاعة المدرسية |
| 650 | 0 | 4 | _aالطلبة - نشاط |
| 942 |
_2ddc _cBK |
||
| 999 |
_c10086 _d10086 |
||